000 00797cam a22002413a 4500
001 14444
003 PGUSA
005 20140828083317.0
008 041224s2004||||xxu|||||s|||||000 | eng d
040 _aPGUSA
_beng
042 _adc
050 4 _aHF
100 1 _aDefoe, Daniel,
_d-1731
245 1 4 _aThe Complete English Tradesman (1839 ed.)
_h[electronic resource] /
_cDaniel Defoe
260 _bProject Gutenberg,
_c2004
506 _aPublic domain in the USA.
516 _aElectronic text
653 _aGreat Britain -- Commerce -- Handbooks, manuals, etc. -- Early works to 1800
653 _aWholesale trade -- Great Britain -- Handbooks, manuals, etc. -- Early works to 1800
830 0 _aProject Gutenberg
_v14444
856 4 0 _uhttp://www.gutenberg.org/ebooks/14444
942 _cEB
999 _c243699
_d243699